Statistics for Countries but all Vowels are Changed to “O” #2

Click here to take the quiz!

General Stats

  • This quiz has been taken 163 times
  • The average score is 15 of 15

Answer Stats

CoontroCountry% Correct
JomoocoJamaica
100%
MoltoMalta
100%
VootnomVietnam
100%
BhotonBhutan
99%
GootomoloGuatemala
99%
PoroPeru
99%
SpoonSpain
99%
YomonYemen
99%
OostrooAustria
97%
OcolondIceland
97%
OrolondIreland
97%
LobooLibya
94%
OndooIndia
91%
PolooPalau
90%
SorooSyria
89%

Score Distribution

Percentile by Number Answered

Percent of People with Each Score

Your Score History

You have not taken this quiz